| 000 | 003510000a22001450004500 | ||
|---|---|---|---|
| 003 | MACL | ||
| 040 | _aMACL | ||
| 090 |
_c33950 _d33948 |
||
| 100 | _aKaul, Tanya | ||
| 245 |
_aGetting Clicked _bbringing customers to your e-business |
||
| 260 |
_bVikas Publishing House _c2001 |
||
| 350 | _a125 | ||
| 650 | _aComputer Science | ||
| 942 |
_cBOOK _k004.6/KAU |
||
| 999 |
_c33594 _d33594 |
||